Sigmar Polke: pinturas, fotografías y films

Guardat en:
Dades bibliogràfiques
Autor principal: Moure, Gloria (autora)
Format: Llibre
Idioma:espanyol
Publicat: Barcelona Ediciones Polígrafa 2005
Edició:1a. ed
Col·lecció:Colección 20_21
Matèries:
Etiquetes: Afegir etiqueta
Sense etiquetes, Sigues el primer a etiquetar aquest registre!

MARC

LEADER 00000cam a2200000 a 4500
001 UCE1214
003 CL-VaPUC
008 140331e20050000sp |||||||||||||||||spa|d
020 |a 8434309882 
082 0 4 |a 759.3  |b MOU  |2 21 
100 |a Moure, Gloria  |e autora  |9 573565 
245 1 0 |a Sigmar Polke: pinturas, fotografías y films 
250 |a 1a. ed 
300 |a 327 p 
942 |c BK 
945 |d 20140331 09:48:00  |a dcastane 
260 |a Barcelona  |b Ediciones Polígrafa  |c 2005 
650 0 |a Pintura europea  |9 340350 
650 7 |a PINTORES EUROPEOS  |2 CL-VaPUC  |9 340351 
650 0 |a Biografías  |9 255210 
650 0 |a Postmodernismo  |9 268655 
583 |a last modification  |c 20140331 09:48:00  |k Rodrigo Vera 
490 0 |a Colección 20_21 
999 |c 355093  |d 355091 
952 |0 0  |1 0  |3 erd  |4 0  |6 759_300000000000000_MOU_2005  |7 0  |8 R  |9 461463  |a BIBART  |b BIBART  |i 5065453  |l 7  |o 759.3 MOU 2005  |p 5065453  |r 2025-04-14  |s 2025-04-10  |w 2019-11-23  |y BK_R  |z Catalogado en:20140331  |k ART